000 00487nam a2200181Ia 4500
005 20250326125002.0
008 250326s9999 xx 000 0 und d
037 _aTextbook
040 _aFMSL
_beng
_cFMSL
041 _aeng
_2eng
084 _aX:8H K1;K8
_qFMSL
100 _aFoulke R A
245 0 _aPractical ficial statement analysis
_cFoulke R A
260 _aNY
_bNY, McGraw-Hill
_c1968
300 _a714p
942 _cTB
_hX:8H K1;K8
999 _c1276044
_d1276044